Normal view MARC view

Entry Personal Name

Number of records used in: 1

001 - CONTROL NUMBER

  • control field: 157826

003 - CONTROL NUMBER IDENTIFIER

  • control field: OSt

005 - DATE AND TIME OF LATEST TRANSACTION

  • control field: 20220923211051.0

008 - FIXED-LENGTH DATA ELEMENTS

  • fixed length control field: 220923|| aca||aabn | a|a d

040 ## - CATALOGING SOURCE

  • Original cataloging agency: OSt
  • Transcribing agency: OSt

100 ## - HEADING--PERSONAL NAME

  • Personal name: दत्ता, कुसुम भूरिया

670 ## - SOURCE DATA FOUND

  • Source citation: Work cat.: (OSt)294766: दत्ता, कुसुम भूरिया, नाट्यशास्त्रीय मूल तत्त्वों की विकास-परम्परा, 2012
Copyright @ Delhi University Library System